|
|
|
|
| LEADER |
00000nam0a2200000 4500 |
| 001 |
317555 |
| 005 |
20231102003004.0 |
| 020 |
|
|
|a RU
|b 82-68559
|
| 035 |
|
|
|a (RuTPU)RU\TPU\book\343023
|
| 090 |
|
|
|a 317555
|
| 100 |
|
|
|a 20160411d1982 km y0rusy5003 ca
|
| 101 |
0 |
|
|a rus
|
| 102 |
|
|
|a RU
|
| 105 |
|
|
|a a z 001zy
|
| 200 |
1 |
|
|a Дифференциация запасов нефти в неоднородных коллекторах
|f М. А. Жданов [и др.]
|
| 210 |
|
|
|a Москва
|c Недра
|d 1982
|
| 215 |
|
|
|a 176 с.
|c ил.
|
| 300 |
|
|
|a Авт. указаны на обороте тит. л.
|
| 320 |
|
|
|a Библиогр.: с. 173-175
|
| 606 |
1 |
|
|a Нефтяные месторождения
|x Подсчет и классификация запасов
|2 stltpush
|3 (RuTPU)RU\TPU\subj\45958
|9 65147
|
| 610 |
1 |
|
|a дифференциация
|
| 610 |
1 |
|
|a нефтяные коллекторы
|
| 610 |
1 |
|
|a неоднородность
|
| 610 |
1 |
|
|a керновые пробы
|
| 610 |
1 |
|
|a геофизические данные
|
| 610 |
1 |
|
|a информативность
|
| 610 |
1 |
|
|a структурные показатели
|
| 610 |
1 |
|
|a продуктивность
|
| 675 |
|
|
|a 553.982.04
|z rus
|v 3
|
| 701 |
|
1 |
|a Жданов
|b М. А.
|g Михаил Алексеевич
|
| 701 |
|
1 |
|a Азаматов
|b В. И.
|
| 701 |
|
1 |
|a Гудков
|b Е. П.
|
| 701 |
|
1 |
|a Гусев
|b В. М.
|
| 801 |
|
0 |
|a RU
|b RuMRKP
|c 19950704
|g psbo
|
| 801 |
|
1 |
|a RU
|b 63413507
|c 20160411
|
| 801 |
|
2 |
|a RU
|b 63413507
|c 20191206
|g RCR
|
| 942 |
|
|
|c BK
|